000 00774nam a2200241Ia 4500
003 OSt
005 20220926022426.0
006 a|||||r|||| 00| 0
007 ta
008 220923b |||||||| |||| 00| 0 eng d
037 _cGeneral Book
040 _aRTL
_cRTL
_beng
041 _2eng
_aeng
082 _aX9(J741):54.1.N8, M4/UN
110 _aUnited Nations Conference on Trade and Development
_922209
245 0 _aStudies in the processing, marketing and distribut
260 _aNew York
_bUnited Nations U. S. A.
_c1984
300 _a47p
_ccm.
650 _aJute Industry
_9238351
700 _aUnited Nations Conference on Trade and Development
_922210
942 _hX9(J741):54.1.N8, M4/UN
_cGB
_2CC
999 _c639452
_d639452